Ground-water resources of Wharton County, Texas, (Record no. 28335)

MARC details
000 -LEADER
fixed length control field 00906cam a22002531 4500
001 - CONTROL NUMBER
control field gs 49000047
003 - CONTROL NUMBER IDENTIFIER
control field DLC
005 - DATE AND TIME OF LATEST TRANSACTION
control field 20260227111354.0
008 - FIXED-LENGTH DATA ELEMENTS--GENERAL INFORMATION
fixed length control field 761116s1948 txu 000 0 eng
010 ## - LIBRARY OF CONGRESS CONTROL NUMBER
LC control number gs 49000047
035 ## - SYSTEM CONTROL NUMBER
System control number (OCoLC)2560851
040 ## - CATALOGING SOURCE
Original cataloging agency DLC
Transcribing agency Tx
Modifying agency OCoLC
-- DLC
042 ## - AUTHENTICATION CODE
Authentication code premarc
050 00 - LIBRARY OF CONGRESS CALL NUMBER
Classification number GB1025.T4
Item number A5 1948
110 2# - MAIN ENTRY--CORPORATE NAME
Corporate name or jurisdiction name as entry element Texas Water Commission.
245 10 - TITLE STATEMENT
Title Ground-water resources of Wharton County, Texas,
Statement of responsibility, etc. by Jack R. Barnes. Prepared in cooperation with the United States Dept. of the Interior, Geological Survey.
260 ## - PUBLICATION, DISTRIBUTION, ETC.
Place of publication, distribution, etc. [Austin?]
Date of publication, distribution, etc. 1948.
300 ## - PHYSICAL DESCRIPTION
Extent 80 l.
Other physical details 2 fold. plates, 2 maps (1fold.)
Dimensions 27 cm.
500 ## - GENERAL NOTE
General note U.S. Geological Survey. Library for Library of Congress.
650 #0 - SUBJECT ADDED ENTRY--TOPICAL TERM
Topical term or geographic name entry element Groundwater
Geographic subdivision Texas
-- Wharton County.
650 #0 - SUBJECT ADDED ENTRY--TOPICAL TERM
Topical term or geographic name entry element Water-supply
Geographic subdivision Texas
-- Wharton County.
700 1# - ADDED ENTRY--PERSONAL NAME
Personal name Barnes, Jack Rich,
Dates associated with a name 1921-
710 2# - ADDED ENTRY--CORPORATE NAME
Corporate name or jurisdiction name as entry element Geological Survey (U.S.)

No items available.

Powered by Koha